[Event "GER-ch Net blitz qual2"]
[Site "Playchess.com INT"]
[Date "2020.03.16"]
[Round "7"]
[White "Buessing, Olaf"]
[Black "Zhou, Qing"]
[Result "1-0"]
[WhiteElo "1743"]
[BlackElo "1620"]
[PlyCount "67"]
[EventDate "2020.03.16"]
[EventType "swiss (blitz)"]
[EventRounds "9"]
[EventCountry "GER"]
[SourceTitle "CBM 195 Extra"]
[Source "ChessBase"]
[SourceDate "2020.05.31"]
[SourceVersion "1"]
[SourceVersionDate "2020.05.31"]
[SourceQuality "1"]

1. e4 e5 2. f4 Nc6 3. Nf3 d6 4. Bc4 Nf6 5. 0-0 Nxe4 6. Nc3 d5 7. Bxd5 Nxc3 8. Bxc6+ bxc6 9. bxc3 e4 10. Re1 Bc5+ 11. d4 Bb6 12. Rxe4+ Be6 13. Ba3 Qd5 14. Qe2 0-0-0 15. Ne5 Bf5 16. Re3 f6 17. Nf3 Ba5 18. Qa6+ Kd7 19. c4 Qf7 20. Qxa5 Bxc2 21. Re7+ Qxe7 22. Bxe7 Kxe7 23. Re1+ Kf7 24. Qxc7+ Kg6 25. Re7 Rc8 26. Rxg7+ Kh6 27. Qd7 Rhd8 28. Qg4 Bg6 29. Rxa7 Rb8 30. h3 Re8 31. Qh4+ Bh5 32. Qxf6+ Bg6 33. Qg7+ Kh5 34. g4# 1-0

[Event "GER-ch Net blitz qual2"]
[Site "Playchess.com INT"]
[Date "2020.03.16"]
[Round "1"]
[White "Fehmer, Dirk"]
[Black "Zhou, Qing"]
[Result "1-0"]
[WhiteElo "2113"]
[BlackElo "1620"]
[PlyCount "45"]
[EventDate "2020.03.16"]
[EventType "swiss (blitz)"]
[EventRounds "9"]
[EventCountry "GER"]
[SourceTitle "CBM 195 Extra"]
[Source "ChessBase"]
[SourceDate "2020.05.31"]
[SourceVersion "1"]
[SourceVersionDate "2020.05.31"]
[SourceQuality "1"]

1. Nf3 Nc6 2. d4 Nf6 3. d5 Nb8 4. c4 e6 5. Nc3 exd5 6. cxd5 Bb4 7. Qb3 Ba5 8. Bg5 h6 9. Bh4 g5 10. Bg3 0-0 11. e3 c6 12. d6 Re8 13. Bc4 Rf8 14. Ne5 Qe8 15. Ng6 b5 16. Ne7+ Kg7 17. Bd3 Na6 18. Qa3 Bb6 19. Be5 Bc5 20. Qb3 Bb6 21. Ne4 Nc5 22. Bxf6+ Kh7 23. Nxc5# 1-0

[Event "GER-ch Net blitz qual2"]
[Site "Playchess.com INT"]
[Date "2020.03.16"]
[Round "2"]
[White "Tropf, Peter"]
[Black "Zhou, Qing"]
[Result "0-1"]
[WhiteElo "1183"]
[BlackElo "1620"]
[PlyCount "68"]
[EventDate "2020.03.16"]
[EventType "swiss (blitz)"]
[EventRounds "9"]
[EventCountry "GER"]
[SourceTitle "CBM 195 Extra"]
[Source "ChessBase"]
[SourceDate "2020.05.31"]
[SourceVersion "1"]
[SourceVersionDate "2020.05.31"]
[SourceQuality "1"]

1. d4 Nf6 2. Nf3 d5 3. e3 e6 4. Nbd2 c5 5. c3 Nc6 6. Bd3 c4 7. Bc2 Bd6 8. 0-0 0-0 9. Qe2 b5 10. Re1 a5 11. e4 Nd7 12. e5 Bc7 13. b3 Nb6 14. bxc4 bxc4 15. h3 a4 16. Nh2 a3 17. Qh5 g6 18. Qg4 Na4 19. Ndf3 Nxc3 20. Ng5 Ne7 21. Qh4 h5 22. g4 Ba6 23. Qg3 Rb8 24. gxh5 Nf5 25. Bxf5 exf5 26. hxg6 Ne4 27. gxf7+ Kh8 28. Qh4+ Kg7 29. Ne6+ Kxf7 30. Nxd8+ Bxd8 31. Qh7+ Ke8 32. Qg6+ Rf7 33. Qxa6 Rg7+ 34. Kh1 Nxf2# 0-1

[Event "GER-ch Net blitz qual2"]
[Site "Playchess.com INT"]
[Date "2020.03.16"]
[Round "8"]
[White "Zhou, Qing"]
[Black "Ribbe, Juergen"]
[Result "0-1"]
[WhiteElo "1620"]
[BlackElo "1982"]
[PlyCount "34"]
[EventDate "2020.03.16"]
[EventType "swiss (blitz)"]
[EventRounds "9"]
[EventCountry "GER"]
[SourceTitle "CBM 195 Extra"]
[Source "ChessBase"]
[SourceDate "2020.05.31"]
[SourceVersion "1"]
[SourceVersionDate "2020.05.31"]
[SourceQuality "1"]

1. e4 g6 2. d4 Bg7 3. f4 d6 4. c4 c6 5. Nf3 Bg4 6. Nc3 Bxf3 7. gxf3 Nd7 8. Be3 Ngf6 9. Qc2 0-0 10. Bd3 e5 11. f5 exd4 12. Bxd4 Ne5 13. f4 Nf3+ 14. Kf2 Nxd4 15. Qd2 Nh5 16. Rag1 Qh4+ 17. Ke3 Qxf4# 0-1

[Event "GER-ch Net blitz qual2"]
[Site "Playchess.com INT"]
[Date "2020.03.16"]
[Round "9"]
[White "Zhou, Qing"]
[Black "Winkler, Andreas1111"]
[Result "1-0"]
[WhiteElo "1620"]
[BlackElo "1433"]
[PlyCount "121"]
[EventDate "2020.03.16"]
[EventType "swiss (blitz)"]
[EventRounds "9"]
[EventCountry "GER"]
[SourceTitle "CBM 195 Extra"]
[Source "ChessBase"]
[SourceDate "2020.05.31"]
[SourceVersion "1"]
[SourceVersionDate "2020.05.31"]
[SourceQuality "1"]

1. e4 e5 2. Nf3 Nc6 3. Bb5 Nf6 4. 0-0 Be7 5. Re1 d6 6. c3 Bd7 7. d4 0-0 8. a3 a6 9. Ba4 Na5 10. Bc2 exd4 11. cxd4 Bg4 12. Qd3 Bh5 13. Nc3 Bg6 14. Nh4 d5 15. Nxg6 fxg6 16. b4 dxe4 17. Nxe4 Nxe4 18. Qxe4 Nc6 19. d5 Bf6 20. dxc6 Bxa1 21. cxb7 Rb8 22. Be3 Bc3 23. Qc4+ Kh8 24. Qxc3 Rxb7 25. Be4 Rb8 26. Bd4 Rf6 27. Bxf6 gxf6 28. Bc6 Kg7 29. g3 Qd6 30. Kg2 h6 31. Re3 Rd8 32. Be4 Re8 33. Rd3 Qe6 34. Qxc7+ Kh8 35. Bf3 Re7 36. Qd6 Qe5 37. Qd8+ Kg7 38. Qd6 h5 39. Qxa6 Kh6 40. Qd6 g5 41. Qxe5 Rxe5 42. Rd6 Kg7 43. Rd5 Rxd5 44. Bxd5 Kf8 45. Bc6 Ke7 46. Kf3 f5 47. b5 Kd6 48. Ke3 Kc7 49. Kd4 Kb6 50. Ke5 f4 51. Kf5 fxg3 52. fxg3 h4 53. Kxg5 hxg3 54. hxg3 Ka5 55. Kf5 Kb6 56. g4 Kc7 57. g5 Kd8 58. Kf6 Kc7 59. g6 Kb6 60. g7 Kc5 61. g8Q 1-0